000 00394nam a22001457a 4500
020 _a070693196
082 _a387.736
_bWell
_cN, 01, P-40
245 _aAirport planning & management
_cWells, Alexander T.
250 _a3RD
260 _aUSA
_bMcGraw Hill
_c1996
300 _axi, 399 :
_bill, ;
_c22 cm
526 _a0
_b0
_c0
_d387_736000000000000_WELL
650 _aNUST
_96342
942 _2ddc
_cBK
999 _c542990
_d542990